| 000 -LEADER |
| fixed length control field |
01807cam a22003737a 4500 |
| 001 - CONTROL NUMBER |
| control field |
17072139 |
| 005 - DATE AND TIME OF LATEST TRANSACTION |
| control field |
20230324093459.0 |
| 008 - FIXED-LENGTH DATA ELEMENTS--GENERAL INFORMATION |
| fixed length control field |
111206s2011 enka b 001 0 eng d |
| 010 ## - LIBRARY OF CONGRESS CONTROL NUMBER |
| LC control number |
2011514793 |
| 016 7# - NATIONAL BIBLIOGRAPHIC AGENCY CONTROL NUMBER |
| Record control number |
015701793 |
| Source |
Uk |
| 020 ## - INTERNATIONAL STANDARD BOOK NUMBER |
| International Standard Book Number |
9781849192590 |
| 020 ## - INTERNATIONAL STANDARD BOOK NUMBER |
| International Standard Book Number |
1849192596 |
| 035 ## - SYSTEM CONTROL NUMBER |
| System control number |
(OCoLC)ocn669256740 |
| 040 ## - CATALOGING SOURCE |
| Original cataloging agency |
YDXCP |
| Transcribing agency |
YDXCP |
| Modifying agency |
CDX |
| -- |
EYM |
| -- |
STF |
| -- |
NUI |
| -- |
MYG |
| -- |
UKMGB |
| -- |
DLC |
| 042 ## - AUTHENTICATION CODE |
| Authentication code |
lccopycat |
| 050 00 - LIBRARY OF CONGRESS CALL NUMBER |
| Classification number |
TL589.4 |
| Item number |
.S75 2011 |
| 082 ## - DEWEY DECIMAL CLASSIFICATION NUMBER |
| Classification number |
629.1326 |
| Author Mark |
SRI |
| 100 1# - MAIN ENTRY--PERSONAL NAME |
| Personal name |
Srinathkumar, S. |
| 9 (RLIN) |
111288 |
| 245 10 - TITLE STATEMENT |
| Title |
Eigenstructure control algorithms : |
| Remainder of title |
applications to aircraft/ rotorcraft handling qualities design / |
| Statement of responsibility, etc. |
S. Srinathkumar. |
| 260 ## - PUBLICATION, DISTRIBUTION, ETC. |
| Place of publication, distribution, etc. |
London, U.K. : |
| Name of publisher, distributor, etc. |
Institution of Engineering and Technology, |
| Date of publication, distribution, etc. |
2011. |
| 300 ## - PHYSICAL DESCRIPTION |
| Extent |
xv, 285 p. : |
| Other physical details |
ill. ; |
| Dimensions |
24 cm. |
| 490 1# - SERIES STATEMENT |
| Series statement |
IET control engineering series ; |
| Volume/sequential designation |
74 |
| 504 ## - BIBLIOGRAPHY, ETC. NOTE |
| Bibliography, etc. note |
Includes bibliographical references and index. |
| 520 8# - SUMMARY, ETC. |
| Summary, etc. |
This book demonstrates that eigenstructure control theory can be easily adapted and infused into aircraft industry's stringent design practices. Thus practicing flight control engineers will find it useful to explore the use of the new design concepts discussed in the book. |
| 650 #0 - SUBJECT ADDED ENTRY--TOPICAL TERM |
| Topical term or geographic name entry element |
Flight control. |
| 9 (RLIN) |
1580 |
| 650 #0 - SUBJECT ADDED ENTRY--TOPICAL TERM |
| Topical term or geographic name entry element |
Automatic pilot (Airplanes) |
| 9 (RLIN) |
111289 |
| 830 #0 - SERIES ADDED ENTRY--UNIFORM TITLE |
| Uniform title |
IET control engineering series ; |
| Volume/sequential designation |
74. |
| 9 (RLIN) |
111290 |
| 856 42 - ELECTRONIC LOCATION AND ACCESS |
| Materials specified |
Contributor biographical information |
| Uniform Resource Identifier |
<a href="http://www.loc.gov/catdir/enhancements/fy1215/2011514793-b.html">http://www.loc.gov/catdir/enhancements/fy1215/2011514793-b.html</a> |
| 856 42 - ELECTRONIC LOCATION AND ACCESS |
| Materials specified |
Publisher description |
| Uniform Resource Identifier |
<a href="http://www.loc.gov/catdir/enhancements/fy1215/2011514793-d.html">http://www.loc.gov/catdir/enhancements/fy1215/2011514793-d.html</a> |
| 856 41 - ELECTRONIC LOCATION AND ACCESS |
| Materials specified |
Table of contents only |
| Uniform Resource Identifier |
<a href="http://www.loc.gov/catdir/enhancements/fy1215/2011514793-t.html">http://www.loc.gov/catdir/enhancements/fy1215/2011514793-t.html</a> |
| 906 ## - LOCAL DATA ELEMENT F, LDF (RLIN) |
| a |
7 |
| b |
cbc |
| c |
copycat |
| d |
2 |
| e |
ncip |
| f |
20 |
| g |
y-gencatlg |
| 942 ## - ADDED ENTRY ELEMENTS (KOHA) |
| Source of classification or shelving scheme |
|
| Koha item type |
Book |